| 000 | 00649nam a22001577a 4500 | ||
|---|---|---|---|
| 003 | OSt | ||
| 005 | 20151104151833.0 | ||
| 008 | 151104b xxu||||| |||| 00| 0 eng d | ||
| 040 | _cRUA | ||
| 082 | _aFOR SIN 1999 B125 Or.1 | ||
| 100 |
_93354 _aSING, THEA. |
||
| 245 | _aReasearch study of medicinal plants in preah sihanouk (ream) nation park, ការសិក្សាស្រាវជ្រាវអំពីប្រភេទរុក្ខជាតិឱសថ នៅតំបន់ឧទ្យានជាតិព្រះសីហនុ(រាម) | ||
| 260 |
_aPhnom Penh _bRUA _c1999 |
||
| 300 |
_a45p. _bill. _c29cm. |
||
| 942 |
_2ddc _cFOR |
||
| 999 |
_c3127 _d3127 |
||